Random Knowledge Quiz #65 - Statistics

General Stats
  • This quiz has been taken 154 times
  • The average score is 8 of 15
Answer Stats
Question Answer % Correct
How many animals are represented in the Chinese Zodiac? 12
92%
In pool, what color is the 1-ball? Yellow
84%
In which country did Buddhism originate? India
79%
In Vatican, you can carry an ATM transaction in a language that is not used on any other ATM in the world. What language is it? Latin
78%
What pop star originally began her career as Christian singer "Katherine Hudson"? Katy Perry
77%
What is the volcano near Tokyo, Japan called? Mount Fuji
74%
Dry ice is the frozen form of what gas? Carbon dioxide
59%
What are mummies wrapped in? Linen cloth
57%
Which breed of dog gets its name from the Latin for earth? Terrier
44%
According to Peter Pan, all you need to fly is faith, and trust, and... what? Pixie dust
39%
What was John F. Kennedy called by his friends? Jack
38%
What's the traditional dish served at Wimbledon? Strawberries and cream
37%
In what country is a form of "trick or treating" an Easter tradition? Sweden and Finland
20%
Which animal is pictured on the Canadian $2 coin? Polar bear
15%
Finish this quote: "Blessed be the fruit." "May the Lord..." Open
7%
No matching quizzes found
Score Distribution
Percent of People with Each Score
Percentile by Number Answered
Your Score History
You have not taken this quiz